| 000 | 00410nam a22001577a 4500 | ||
|---|---|---|---|
| 999 |
_c877 _d877 |
||
| 008 | 191227b ||||| |||| 00| 0 eng d | ||
| 082 | 0 | 0 |
_a531 _bS6342 |
| 100 |
_9435 _aSloane, Alvin. |
||
| 245 | 1 | 0 |
_aFundamentals of engineering mechanics _cby Alvin Sloane |
| 250 | _aby Alvin Sloane | ||
| 260 |
_aNewYork _bPrentince-Hall _c1947 |
||
| 300 | _axi, 379p. | ||
| 365 | _b25.06 | ||
| 650 | 0 | _aMechanics | |
| 942 | _cBK | ||